LEADER 01178nam a2200277 i 4500 001 000000367767 003 CaOOAMICUS 005 20260513124258.0 008 260513s2026 it u000 u ita u 020 $a978-88-372-4126-1 040 $aSeMil$bita 100 1 $aPieper, Josef,$d<1904-1997>.$0(OLS)http://semarc/name/18030 240 10$aMuße und Kult.$0(OLS)http://semarc/title/406993 245 10$aOtium e culto /$cJosef Pieper ; a cura di Antonio Sacco. 264 1$aBrescia :$bMorcelliana,$c2026. 300 $a89 p. ;$c19 cm 490 1 $aIl pellicano rosso. Nuova serie ;$v410 650 4$aOzio - Filosofia.$0(OLS)http://semarc/subject/60239 700 1 $aSacco, Antonio,$d<1968- >.$0(OLS)http://semarc/name/94223 830 3$aIl pellicano rosso. Nuova serie ;$v410.$0(OLS)http://semarc/title/11366 850 $aSeMil 852 $aSeMil$W1$xVenegono$y1$m2LA V 410$j271854$B258451$CSeMilBibl$Z2$F258451 $81 996 $6020$a978-88-372-4126-1$9(OLS)http://semarc/number/305910 996 $6245$aOtium e culto$9(OLS)http://semarc/title/459747 996 $6264$aBrescia :$bMorcelliana$9(OLS)http://semarc/publisher/29629